Využití sociálních sítí jako nástroje marketingové komunikace destinace
Charakteristika sociálnej siete. Využívanie sociálnych sietí ako nástroja marketingovej komunikácie. Možnosti sociálnych sietí na propagáciu destinácie cestovného ruchu. Výsledky prieskumu.
Gespeichert in:
| 1. Verfasser: | |
|---|---|
| Weitere Verfasser: | |
| Format: | Buchkapitel |
| Sprache: | Tschechisch |
| Schlagworte: | |
| Tags: |
Keine Tags, Fügen Sie das erste Tag hinzu!
|
MARC
| LEADER | 00000naa a2200000 4500 | ||
|---|---|---|---|
| 001 | 0191520 | ||
| 005 | 20231016074730.4 | ||
| 041 | 0 | |a cze | |
| 044 | |a SK | ||
| 245 | 1 | 0 | |a Využití sociálních sítí jako nástroje marketingové komunikace destinace |c Ida Vajčnerová, Eva Kloudová |
| 520 | |a Charakteristika sociálnej siete. Využívanie sociálnych sietí ako nástroja marketingovej komunikácie. Možnosti sociálnych sietí na propagáciu destinácie cestovného ruchu. Výsledky prieskumu. | ||
| 610 | 2 | 0 | |a ruch cestovný |
| 610 | 2 | 0 | |a marketing |
| 610 | 2 | 0 | |a komunikácia marketingová |
| 610 | 2 | 0 | |a siete sociálne |
| 610 | 2 | 0 | |a internet |
| 610 | 2 | 0 | |a prieskum |
| 610 | 2 | 0 | |a Česko |
| 100 | 1 | |a Vajčnerová, Ida | |
| 700 | 1 | |a Kloudová, Eva | |